000 00572nam a22001817a 4500
005 20180827143336.0
010 _aB-227742
020 _a8120330056
_c425.00
035 _aB-227742, B-227745
037 _bPrentice-Hall of India Private Limited
082 _a005.3
100 _aSnyder, Mike
245 _aWorking with microsoft dynamics CRM 3.0
_cMile Snyder [and] Jim Steger
260 _aNew Delhi
_bPrentice-Hall of India Private Limited
_c2006
300 _a564p.
_c23cm.(pbk)
942 _2ddc
_cEN
_h005.3
_mSNY
999 _c155219
_d155219